Phoenix from the ashes?: (Record no. 4950)

MARC details
000 -LEADER
fixed length control field 00615nam a2200181 4500
008 - FIXED-LENGTH DATA ELEMENTS--GENERAL INFORMATION
fixed length control field 240701b |||||||| |||| 00| 0 eng d
020 ## - ISBN
ISBN 9558708313
082 ## - DEWEY DECIMAL CLASSIFICATION NUMBER
Classification number 363.34
Item number STE
942 ## - ADDED ENTRY ELEMENTS (KOHA)
Item Type Reports
100 ## - MAIN ENTRY--PERSONAL NAME
Personal Name Steele, Paul
245 ## - TITLE STATEMENT
Title Phoenix from the ashes?:
Sub Title economic policy challenges and opportunities for Post-Tsunami Sri Lanka
260 ## - PUBLICATION, DISTRIBUTION, ETC. (IMPRINT)
Place of Publication Colombo:
Name of Publisher Institute of Policy Studies,
Date of Copyright 2005
300 ## - PHYSICAL DESCRIPTION
Extent 36p.;30 cm
Physical Details Bibliography included
440 ## - SERIES STATEMENT/ADDED ENTRY--TITLE
Title Research studies:
Volume working paper no.7
650 ## - SUBJECT ADDED ENTRY--TOPICAL TERM
Topical Term NATURAL DISASTERS-Sri Lanka
650 ## - SUBJECT ADDED ENTRY--TOPICAL TERM
Topical Term Public safety-Disasters-Sri Lanka
650 ## - SUBJECT ADDED ENTRY--TOPICAL TERM
Topical Term Tsunami disaster
Holdings
Withdrawn status Lost status Source of classification or shelving scheme Damaged status Not for loan Permanent location Current location Date acquired Total Checkouts Full call number Barcode Date last seen Price effective from Koha item type
    Dewey Decimal Classification     Resource center, Muslim Women's Research And Action Forum Resource center, Muslim Women's Research And Action Forum 2024-07-01   363.34 STE RAF5335 2024-07-01 2024-07-01 Reports

Copyright © 2023 Muslim Women's Research and Action Forum (MWRAF), No 27/3, Anderson Road, Kalubowila, Dehiwela. Funded by The Asia Fundation